1117 1282 1207 1294 1324 1674 1647 1141 1585 1659 1589 1443 1933 1886 1626 1951 1461 1973 1908 1574 1833 1743 1951 1566 1682 1631 1629 1081 1720 1016 1812 1088 1200 1942 1329 1338 1763 1641 1966 1249 1431 1919 1954 1621 1968 1018 1605 1052 1168 1912 1508 1658 1332 1986 1504 1945 1114 1995 1865 1742 1252 1611 1867 1662 1656 1531 1824 1436 1487 1453 1655 1927 1261 1838 1537 1958 1339 1646 1232 1240 1880 1052 1961 1859 1909 1439 1709 1333 1287 1095 1749 1613 1621 1293 1565 1741 1304 1147 1282 BCNSPRNW ULIB Ver.6.0+V

เปลี่ยนเป็นภาษาไทย

Change to English
 แสดงรายละเอียดบรรณานุกรม
  กลับหน้าหลัก

Brief Record : Get Marc (ISO 2709) : E-mail record : QR code < ปิดหน้าต่าง
LEADER : 00000nam 2200000uu 4500
001    13399124358
003     ULIB
008    020711s2558 th a 000 0 tha d
060  4 WS105^bค111
110    คณะกรรมการส่งเสริมพัฒนาการเด็ก
245    คู่มือประเมินและส่งเสริมพัฒนาการเด็กกลุ่มเสี่ยง/^cคณะกรรมการส่งเสริมพัฒนาการเด็ก
260    นนทบุรี :^bคณะกรรมการส่งเสริมพัฒนาการเด็ก,^c2558
300    60 หน้า
650    พัฒนาการเด็ก^xคู่มือ
945    ^p21^l0^i22946
945    ^p21^l0^i22947
945    ^p21^l0^i22948
945    ^p21^l0^i22949
945    ^p21^l0^i22950
999    ^aทศพร เกษรทอง
รายการนี้ยังไม่มีแท็ก
คุณยังไม่ได้ล็อกอิน คุณสามารถมีกิจกรรมร่วมกับเว็บไซต์ได้ แต่ต้องล็อกอินก่อน ::
  ล็อกอิน

รายการสื่อสารสนเทศ

ลำดับที่ ประเภท เลขเรียก/บาร์โค้ด สถานที่ สถานะ
1. วิทยาศาสตร์การแพทย์ และสุขภาพ
วิทยาศาสตร์การแพทย์ และสุขภาพ
สถานะ=หนังสือเก่า
WS105 ค111 ฉ.1 
  Barcode: 22946
ห้องสมุดวิทยาเขตนครสวรรค์
►ส่วนจัดเก็บหนังสือเก่า นว.
บนชั้น
  ขอยืม
2. วิทยาศาสตร์การแพทย์ และสุขภาพ
วิทยาศาสตร์การแพทย์ และสุขภาพ
สถานะ=หนังสือเก่า
WS105 ค111 ฉ.2 
  Barcode: 22947
ห้องสมุดวิทยาเขตนครสวรรค์
►ส่วนจัดเก็บหนังสือเก่า นว.
บนชั้น
  ขอยืม
3. วิทยาศาสตร์การแพทย์ และสุขภาพ
วิทยาศาสตร์การแพทย์ และสุขภาพ
สถานะ=หนังสือเก่า
WS105 ค111 ฉ.3 
  Barcode: 22948
ห้องสมุดวิทยาเขตนครสวรรค์
►ส่วนจัดเก็บหนังสือเก่า นว.
บนชั้น
  ขอยืม
4. วิทยาศาสตร์การแพทย์ และสุขภาพ
วิทยาศาสตร์การแพทย์ และสุขภาพ
สถานะ=หนังสือเก่า
WS105 ค111 ฉ.4 
  Barcode: 22949
ห้องสมุดวิทยาเขตนครสวรรค์
►ส่วนจัดเก็บหนังสือเก่า นว.
บนชั้น
  ขอยืม
5. วิทยาศาสตร์การแพทย์ และสุขภาพ
วิทยาศาสตร์การแพทย์ และสุขภาพ
สถานะ=หนังสือเก่า
WS105 ค111 ฉ.5 
  Barcode: 22950
ห้องสมุดวิทยาเขตนครสวรรค์
►ส่วนจัดเก็บหนังสือเก่า นว.
บนชั้น
  ขอยืม

BibComment


ยังไม่เคยถูกคอมเมนท์

คอมเมนท์ทรัพยากรรายการนี้
  คอมเมนท์: คู่มือประเมินและส..


 Copyright 2026. Bcnsprnw @Library